000 00300nam a22001217a 4500
008 160521b xxu||||| |||| 00| 0 eng d
020 _a9780534377953
020 _a0534377955
041 _aeng
080 _a579
245 _aBiology tbe unity and diversity of life:
_cStarr Taggart;
942 _2udc
_cBK
999 _c2352
_d2352